5 nächstgelegende Länder pro Land #1 - Statistiken

Allgemein
  • Dieses Quiz wurde 363 mal gespielt
  • Das Durchschnittsergebnis liegt bei 32 aus 40
Antwortstatistiken
Start Land # Land % Korrekt
Vereinigte Staaten 0 Kanada
100%
Vereinigte Staaten 0 Mexiko
100%
Monaco 0 Frankreich
95%
Australien 993 Neuseeland
95%
Oman 0 Saudi-Arabien
95%
Monaco 6 Italien
94%
Oman 0 Jemen
91%
Zypern 43 Türkei
91%
Oman 0 Vereinigte Arabische Emirate
91%
Monaco 152 Schweiz
90%
Lesotho 0 Südafrika
90%
Bhutan 0 China
88%
Bhutan 0 Indien
88%
Vereinigte Staaten 93 Kuba
88%
Monaco 232 Spanien
88%
Bhutan 42 Nepal
87%
Australien 53 Papua-Neuguinea
86%
Panama 0 Kolumbien
84%
Australien 198 Indonesien
83%
Panama 104 Nicaragua
83%
Panama 0 Costa Rica
82%
Zypern 142 Israel
79%
Lesotho 175 Eswatini
78%
Zypern 66 Syrien
78%
Vereinigte Staaten 53 Bahamas
77%
Panama 363 Honduras
77%
Panama 276 Venezuela
77%
Lesotho 267 Botswana
76%
Oman 32 Iran
76%
Vereinigte Staaten 2 Russland
76%
Bhutan 28 Bangladesch
75%
Lesotho 439 Namibia
74%
Zypern 100 Libanon
70%
Lesotho 228 Mosambik
69%
Oman 212 Pakistan
67%
Bhutan 188 Myanmar
66%
Zypern 182 Jordanien
63%
Australien 284 Osttimor
63%
Monaco 248 San Marino
63%
Australien 951 Salomonen
51%
Keine übereinstimmenden Quizze gefunden
Verteilung der Resultate
Anzahl Personen mit jedem Resultat
Perzentil nach korrekt beantworteten Fragen
Ihre Resultats-Entwicklung
Sie haben dieses Quiz noch nicht gespielt